Champions du monde de Formule 1 : 2010s - Statistiques

Statistiques générales
  • Ce quiz a été pris 71 fois
  • Le résultat moyen est 10 sur 10
Statistiques - réponses
Hint Team Réponse % Correct
2014 Mercedes Lewis Hamilton
100%
2015 Mercedes Lewis Hamilton
100%
2017 Mercedes Lewis Hamilton
100%
2018 Mercedes Lewis Hamilton
100%
2019 Mercedes Lewis Hamilton
100%
2010 Red Bull Sebastian Vettel
92%
2011 Red Bull Sebastian Vettel
92%
2012 Red Bull Sebastian Vettel
92%
2013 Red Bull Sebastian Vettel
92%
2016 Mercedes Nico Rosberg
88%
Aucun quiz correspondant
Distribution des résultats
% des personnes avec chaque résultat
Percentile par nombre de réponses
Votre historique - résultats
Vous n’avez pas pris ce quiz